000 00299nam a2200145Ia 4500
100 _aOhanian/ Hans C.
942 _cBK
654 _aPhysics
245 _aModern Physics
260 _bPrentice Hall
_aNew Delhi
_c1994
082 _a539
_bPAN
300 _a543
546 _aENGLISH
999 _c34615
_d34615